02055cam a22003375i 4500999001700000001001000017003000900027005001700036008004100053020002500094040004100119082002100160100005100181245007500232250001900307264004700326300005900373336002600432337002800458338002700486490003600513504005100549520075000600650006201350650005501412650005701467651001001524653002401534942001201558952014701570 c21647d21619017601652EG-ScBUE20200203133753.0150916s2016 enka f b f001 0 eng d a9780199658770 (pbk.) aStDuBDSbengerdacStDuBDSdEG-ScBUE04a809.204bSHE2221 aShepherd-Barr, Kirsten,d1966-eauthor.93984810aModern drama :ba very short introduction /cKirsten E. Shepherd-Barr. aFirst edition. 1aOxford : bOxford University Press,c2016. a136 pages :billustrations (black and white) ;c18 cm. atextbtxt2rdacontent aunmediatedbn2rdamedia avolumebnc2rdacarrier0 aVery short introductions ;v458 aIncludes bibliographical references and index. a"The story of modern drama is a tale of extremes, testing both audiences and actors to their limits through hostility and unpredictability. It is a truly international phenomenon, encompassing works by playwrights such as Ibsen, Chekhov, Shaw, Miller, Beckett, and Churchill, which are vibrant and diverse in both text and performance. This Very Short Introduction explores the major developments of modern drama from 1880 to the present. Ranging from early modernist theatre through post-war developments to more recent and contemporary theatre, Shepherd-Barr tracks the emergence of new theories from the likes of Stanislavsky, Brecht, and Grotowski alongside groundbreaking productions to illuminate the fascinating evolution of modern drama" 7aDramay20th centuryxHistory and criticism.2BUEsh930822 7aDramay21st centuryxHistory and criticism.2BUEsh 7aTheatery20th centuryxHistory and criticism.2BUEsh 2BUEsh bHHUUEENNcApril2016 2ddccBB 00102ddc40708AlahramaMAINbMAINc2NDd2016-04-18ePurchaseg81.00l0o809.204 SHEp000032362r2025-07-15 00:00:00v101.25w2016-04-18yBB